Sixth plenum of the Central Committee of the Communist Party of Indonesia, March 31st-April 3rd, 1958; (Record no. 61775)

MARC details
000 -LEADER
fixed length control field 00603cam a22001931 4500
001 - CONTROL NUMBER
control field sa 65000838
003 - CONTROL NUMBER IDENTIFIER
control field DLC
005 - DATE AND TIME OF LATEST TRANSACTION
control field 20260227112105.0
008 - FIXED-LENGTH DATA ELEMENTS--GENERAL INFORMATION
fixed length control field 740408s1958 xx 000 0 eng
010 ## - LIBRARY OF CONGRESS CONTROL NUMBER
LC control number sa 65000838
035 ## - SYSTEM CONTROL NUMBER
System control number (OCoLC)850978
040 ## - CATALOGING SOURCE
Original cataloging agency DLC
Transcribing agency NhD
Modifying agency OCoLC
-- DLC
042 ## - AUTHENTICATION CODE
Authentication code premarc
050 00 - LIBRARY OF CONGRESS CALL NUMBER
Classification number JQ779.A55
Item number A665
110 2# - MAIN ENTRY--CORPORATE NAME
Corporate name or jurisdiction name as entry element Partai Komunis Indonesia.
Subordinate unit Comite Central.
245 10 - TITLE STATEMENT
Title Sixth plenum of the Central Committee of the Communist Party of Indonesia, March 31st-April 3rd, 1958;
Remainder of title documents.
260 ## - PUBLICATION, DISTRIBUTION, ETC.
Place of publication, distribution, etc. Jakarta,
Name of publisher, distributor, etc. Jajasan Pembaruan,
Date of publication, distribution, etc. 1958.
300 ## - PHYSICAL DESCRIPTION
Extent 123 p.
Other physical details 18 cm.

No items available.

Powered by Koha